[Event " "]
[Site "Migné-Auxances"]
[Date "17.??.??"]
[Round "8.3"]
[White "Guillon, Cyril"]
[Black "David, Vincent"]
[Result "0-1"]
[WhiteElo "2217"]
[BlackElo "2373"]
[PlyCount "44"]
[EventDate "17.??.??"]
[WhiteTeam "Evry Grand Roque II"]
[BlackTeam "Niort"]

1. e4 e6 2. d4 d5 3. Nc3 dxe4 4. Nxe4 Nd7 5. Bd3 Ngf6 6. Ng5 b6 7. N5f3 c5 8.
dxc5 Bxc5 9. Qe2 a6 10. Be3 b5 11. Bxc5 Nxc5 12. O-O-O Qa5 13. Kb1 Bb7 14. Nh3
Bd5 15. a3 b4 16. Qd2 Rb8 17. Nf4 Qa4 18. Nxd5 Nxd5 19. axb4 Rxb4 20. c3 Nb3
21. Qe1 Qa1+ 22. Kc2 Nd4+ 0-1

[Event " "]
[Site "Migné-Auxances"]
[Date "17.??.??"]
[Round "8.4"]
[White "Demuth, Adrien"]
[Black "Baumhauer, Christian"]
[Result "1-0"]
[WhiteElo "2165"]
[BlackElo "2046"]
[PlyCount "103"]
[EventDate "17.??.??"]
[WhiteTeam "Niort"]

1. d4 d5 2. c4 e6 3. Nc3 Nf6 4. Bg5 Be7 5. Nf3 Nbd7 6. cxd5 exd5 7. e3 O-O 8.
Bd3 Re8 9. Qc2 c6 10. O-O Nf8 11. h3 Ng6 12. Rab1 Ne4 13. Bxe7 Qxe7 14. b4 Nh4
15. Bxe4 dxe4 16. Nxh4 Qxh4 17. Kh2 b6 18. a4 Bd7 19. f4 exf3 20. Rxf3 Qh6 21.
Qd3 Rad8 22. b5 c5 23. d5 Re5 24. Rbf1 Rde8 25. e4 f6 26. Rf4 Qg6 27. Qc4 h6
28. a5 Kh7 29. axb6 axb6 30. Ra1 f5 31. exf5 Bxf5 32. Rf3 Re3 33. Qf4 Rxf3 34.
gxf3 Qh5 35. h4 Re7 36. Rg1 Rf7 37. Kg3 g5 38. hxg5 hxg5 39. Qc4 Qh3+ 40. Kf2
g4 41. Qf4 Qxf3+ 42. Qxf3 gxf3 43. Kxf3 Bg6+ 44. Ke3 Re7+ 45. Kf4 Kg7 46. d6
Rb7 47. Ke5 Kf7 48. Kd5 Bh5 49. Rf1+ Ke8 50. Kc6 Rg7 51. Nd5 Be2 52. Nc7+ 1-0

[Event " "]
[Site "Migné-Auxances"]
[Date "17.??.??"]
[Round "8.5"]
[White "Guyard, Rodolphe"]
[Black "Tranchant, Sebastien"]
[Result "0-1"]
[WhiteElo "2135"]
[BlackElo "2209"]
[PlyCount "90"]
[EventDate "17.??.??"]
[WhiteTeam "Evry Grand Roque II"]
[BlackTeam "Niort"]

1. e4 c5 2. Nf3 d6 3. d4 cxd4 4. Nxd4 Nf6 5. Nc3 a6 6. Be2 e5 7. Nb3 Be7 8. Qd3
O-O 9. Qg3 Kh8 10. O-O Be6 11. f4 Qc7 12. Rf2 b5 13. Bf3 b4 14. fxe5 bxc3 15.
exf6 Bxf6 16. bxc3 Bxc3 17. Bf4 Be5 18. Rd1 Nc6 19. Rfd2 a5 20. Rxd6 Qb6+ 21.
Kh1 Bxd6 22. Bxd6 Rfe8 23. Bc7 Qb5 24. Qd6 Rac8 25. e5 Nxe5 26. Nd4 Qc4 27.
Nxe6 Nxf3 28. gxf3 fxe6 29. Bxa5 Qe2 30. Qd3 Rxc2 31. Qxe2 Rxe2 32. a3 Re3 33.
Ra1 Rxf3 34. Kg2 Rb3 35. Bc7 Rc8 36. Be5 Rc5 37. Bg3 Rc2+ 38. Kh3 Rcc3 39. a4
Ra3 40. Re1 Rc6 41. Rb1 h6 42. Rb8+ Kh7 43. Ra8 Kg6 44. a5 Rc5 45. Ra6 Kf6 0-1

[Event " "]
[Site "Migné-Auxances"]
[Date "17.??.??"]
[Round "8.6"]
[White "Lagarde, Maxime"]
[Black "Roumegous, Etienne"]
[Result "1-0"]
[WhiteElo "2169"]
[BlackElo "2130"]
[PlyCount "68"]
[EventDate "17.??.??"]
[WhiteTeam "Niort"]

1. e4 e6 2. d4 d5 3. Nc3 Bb4 4. e5 c5 5. a3 Bxc3+ 6. bxc3 Qc7 7. Qg4 f5 8. Qg3
Nc6 9. Nf3 cxd4 10. cxd4 Nge7 11. Bd2 Bd7 12. Bd3 O-O-O 13. O-O h6 14. h4 g5
15. hxg5 Rdg8 16. c3 Be8 17. Nh4 Ng6 18. Nxg6 Rxg6 19. Qh3 Nd8 20. gxh6 Nf7 21.
Bxf5 Ng5 22. Bxg5 exf5 23. Qxf5+ Qd7 24. Qxd7+ Kxd7 25. f4 Kc6 26. Rab1 Bd7 27.
Kf2 Bf5 28. Rb2 Rf8 29. Ke3 Be4 30. Rh1 Bf5 31. Rh4 Rgg8 32. g4 Be4 33. Bf6 Rf7
34. f5 b6 1-0

[Event " "]
[Site "Migné-Auxances"]
[Date "17.??.??"]
[Round "8.7"]
[White "Groz, Jacky"]
[Black "Flament, Alexandre"]
[Result "1/2-1/2"]
[WhiteElo "2083"]
[BlackElo "2092"]
[PlyCount "56"]
[EventDate "17.??.??"]
[WhiteTeam "Evry Grand Roque II"]
[BlackTeam "Niort"]

1. e4 c5 2. c3 d5 3. exd5 Qxd5 4. d4 Nf6 5. Nf3 Bg4 6. Be2 cxd4 7. cxd4 e6 8.
Nc3 Qa5 9. O-O Nc6 10. Be3 a6 11. h3 Bh5 12. a3 Bd6 13. Qb3 Rb8 14. Rfd1 Ne7
15. Ne5 Bxe2 16. Nxe2 Ned5 17. Rac1 O-O 18. Rc2 Qb6 19. Qd3 Bxe5 20. dxe5 Nxe3
21. Qxe3 Qxe3 22. fxe3 Nd5 23. Rd3 Rbc8 24. Rcd2 g5 25. e4 Ne7 26. Rd7 Ng6 27.
Rxb7 Nxe5 28. Ra7 Rfd8 1/2-1/2

[Event " "]
[Site "Migné-Auxances"]
[Date "17.??.??"]
[Round "8.8"]
[White "Marchais, Aurelie"]
[Black "Forget, Cyril"]
[Result "0-1"]
[WhiteElo "1776"]
[BlackElo "1910"]
[PlyCount "78"]
[EventDate "17.??.??"]
[WhiteTeam "Niort"]

1. e4 c5 2. Nf3 d6 3. d4 cxd4 4. Nxd4 Nf6 5. Nc3 g6 6. g3 Bg7 7. Bg2 O-O 8. h3
Nc6 9. Nde2 Bd7 10. O-O Ne5 11. b3 Bc6 12. Nd4 Bd7 13. Be3 Qc8 14. Nd5 Nxd5 15.
exd5 Bxh3 16. c4 Qg4 17. Qxg4 Bxg4 18. f3 Bd7 19. Rad1 Rfc8 20. Bg5 Kf8 21.
Rfe1 h6 22. Bc1 a6 23. f4 Ng4 24. Bh3 Nf6 25. Bxd7 Nxd7 26. Re2 Nf6 27. Kg2
Nxd5 28. cxd5 Bxd4 29. f5 Bg7 30. fxg6 fxg6 31. Rh1 h5 32. Rf1+ Ke8 33. Bg5 Be5
34. Ref2 Kd7 35. Rf7 Rc2+ 36. Kh1 Re8 37. Rh7 Re2 38. Bh4 Re3 39. Kg2 g5 0-1

[Event " "]
[Site "Migné-Auxances"]
[Date "17.??.??"]
[Round "8.1"]
[White "Roser, Kevin"]
[Black "Inkiov, Ventzislav"]
[Result "1/2-1/2"]
[WhiteElo "2400"]
[BlackElo "2510"]
[PlyCount "99"]
[EventDate "17.??.??"]
[WhiteTeam "Issy les Moulineaux"]
[BlackTeam "Migné-Auxances"]

1. e4 c5 2. Nf3 d6 3. d4 cxd4 4. Nxd4 Nf6 5. Nc3 Nc6 6. Bg5 e6 7. Qd2 Be7 8.
O-O-O Nxd4 9. Qxd4 O-O 10. f4 Qa5 11. Kb1 h6 12. h4 e5 13. Qe3 exf4 14. Bxf4
Be6 15. Be2 Rac8 16. Nd5 Bxd5 17. exd5 Qa4 18. c4 b5 19. Qb3 Qxb3 20. axb3 bxc4
21. bxc4 Ne4 22. Rde1 Bf6 23. Kc2 Rb8 24. Rb1 Rfc8 25. Rh3 Rb6 26. b4 Ra6 27.
Re3 Ra2+ 28. Kb3 Nc3 29. Re1 Rb2+ 30. Kxb2 Nxe2+ 31. Kb3 Nd4+ 32. Ka4 Rxc4 33.
Re8+ Kh7 34. Bxd6 Rc2 35. b5 Ra2+ 36. Ba3 Nc2 37. Kb3 Rxa3+ 38. Kxc2 Rc3+ 39.
Kb1 Rd3 40. R1e4 Rxd5 41. Rb8 h5 42. Kc2 Rd7 43. Kb3 Bd8 44. Kc4 Bb6 45. Rbe8
Rd1 46. R8e7 Rc1+ 47. Kd3 Rf1 48. Kc4 Rc1+ 49. Kd3 Rf1 50. Kc4 1/2-1/2

[Event " "]
[Site "Migné-Auxances"]
[Date "17.??.??"]
[Round "8.2"]
[White "Bojkov, Dejan"]
[Black "Demarre, Jacques"]
[Result "1-0"]
[WhiteElo "2474"]
[BlackElo "2217"]
[PlyCount "77"]
[EventDate "17.??.??"]
[WhiteTeam "Migné-Auxances"]

1. e4 e5 2. Nf3 Nc6 3. Bc4 Nf6 4. d3 h6 5. O-O Be7 6. Re1 d6 7. c3 O-O 8. Nbd2
a6 9. Bb3 Nh7 10. Nf1 Ng5 11. Ne3 Be6 12. Nd5 Qd7 13. Nxe7+ Qxe7 14. Nxg5 hxg5
15. Bxe6 fxe6 16. Qg4 d5 17. Bxg5 Qf7 18. Rf1 Qg6 19. Rae1 d4 20. h4 Rf4 21.
Qg3 Rf7 22. a4 Raf8 23. cxd4 exd4 24. f4 e5 25. f5 Qh5 26. Qh3 g6 27. g4 Qh7
28. Re2 gxf5 29. gxf5 Rg7 30. Rg2 Kh8 31. Kh2 Qh5 32. Rfg1 Kh7 33. Bf6 Rxg2+
34. Qxg2 Qf7 35. Qg7+ Qxg7 36. Rxg7+ Kh6 37. Rg6+ Kh7 38. Kg3 Rf7 39. Kg4 1-0

[Event " "]
[Site "Migné-Auxances"]
[Date "17.??.??"]
[Round "8.3"]
[White "Emmenecker, Philippe"]
[Black "Picard, Romain"]
[Result "0-1"]
[WhiteElo "2198"]
[BlackElo "2324"]
[PlyCount "110"]
[EventDate "17.??.??"]
[WhiteTeam "Issy les Moulineaux"]
[BlackTeam "Migné-Auxances"]

1. d4 Nf6 2. c4 g6 3. Nc3 d5 4. cxd5 Nxd5 5. e4 Nxc3 6. bxc3 Bg7 7. Nf3 c5 8.
Rb1 O-O 9. Be2 cxd4 10. cxd4 Qa5+ 11. Bd2 Qxa2 12. O-O Bg4 13. Bg5 h6 14. Be3
Nc6 15. e5 Rfd8 16. Ra1 Qe6 17. Ng5 hxg5 18. Bxg4 Qc4 19. Rc1 Qa2 20. Ra1 Qc4
21. Ra4 Qc3 22. Qb1 Rxd4 23. Bxd4 Nxd4 24. Rc1 Qd2 25. Rd1 Ne2+ 26. Bxe2 Qxe2
27. Re1 Qd2 28. Rd1 Qe2 29. Re4 Qa6 30. Qc1 f5 31. Ree1 Qe6 32. Qc7 b6 33. Rc1
Kf7 34. Rc6 Qd5 35. e6+ Kg8 36. Qd7 Qa5 37. Rd1 Bf6 38. Rdc1 g4 39. Rc7 Kg7 40.
g3 Qa3 41. Qd5 Rb8 42. Rc8 Rxc8 43. Rxc8 Qb2 44. Qa8 Bd4 45. Qg2 a5 46. h3 gxh3
47. Qf1 Qxf2+ 48. Qxf2 h2+ 49. Kxh2 Bxf2 50. Kg2 Bc5 51. Kf3 Kf6 52. Ke2 a4 53.
Kd3 Kxe6 54. Rc6+ Kf7 55. Kc4 a3 0-1

[Event " "]
[Site "Migné-Auxances"]
[Date "17.??.??"]
[Round "8.4"]
[White "Bedouin, Xavier"]
[Black "Houhou, Olivier"]
[Result "1-0"]
[WhiteElo "2338"]
[BlackElo "2286"]
[PlyCount "69"]
[EventDate "17.??.??"]
[WhiteTeam "Migné-Auxances"]

1. e4 c5 2. c3 d5 3. exd5 Qxd5 4. d4 g6 5. Nf3 Bg7 6. Na3 Nf6 7. Bc4 Qd8 8.
Qa4+ Nbd7 9. Bxf7+ Kxf7 10. Ng5+ Ke8 11. Qb3 e6 12. Nxe6 Qe7 13. O-O c4 14.
Nxg7+ Kf7 15. Nxc4 Kxg7 16. Bf4 Qf7 17. Rae1 Rf8 18. Bd6 Re8 19. Be5 Kg8 20. f4
Ng4 21. Qb4 Qe7 22. Nd6 Ndxe5 23. fxe5 Rf8 24. Rxf8+ Kxf8 25. h3 Nh6 26. d5 Nf5
27. Qf4 Kg7 28. Ne4 Bd7 29. e6 Rf8 30. exd7 Qxd7 31. Nc5 Qxd5 32. Ne6+ Kg8 33.
Nxf8 Qc5+ 34. Kh2 Qxf8 35. g4 1-0

[Event " "]
[Site "Migné-Auxances"]
[Date "17.??.??"]
[Round "8.5"]
[White "Launiau, Severin"]
[Black "Picard, Clement"]
[Result "0-1"]
[WhiteElo "2153"]
[BlackElo "2161"]
[PlyCount "98"]
[EventDate "17.??.??"]
[WhiteTeam "Issy les Moulineaux"]
[BlackTeam "Migné-Auxances"]

1. c4 c5 2. Nc3 Nf6 3. g3 g6 4. Bg2 Bg7 5. a3 Nc6 6. Rb1 O-O 7. b4 cxb4 8. axb4
a6 9. d3 Rb8 10. Nf3 b5 11. cxb5 axb5 12. O-O d6 13. h3 Ne8 14. Bd2 Bd7 15. Kh2
Nc7 16. e3 h6 17. d4 Be6 18. Ng1 Bd7 19. Nge2 Kh7 20. Nc1 Qc8 21. Qb3 Nd8 22.
Nd3 Bc6 23. d5 Bxc3 24. Bxc3 Bxd5 25. Bxd5 Nxd5 26. Qxd5 Qxc3 27. Rfc1 Qf6 28.
Ra1 Ne6 29. Kg2 Kg7 30. h4 Qf5 31. Qxf5 gxf5 32. Ra7 Kf6 33. Kf3 Rbc8 34. Rxc8
Rxc8 35. Rb7 Nc7 36. Nb2 Ke5 37. Nd1 Kd5 38. Nb2 Kc6 39. Ra7 Kb6 40. Ra3 Nd5
41. Rb3 Rc2 42. e4 fxe4+ 43. Kxe4 e6 44. f4 f5+ 45. Kf3 h5 46. Nd3 Rc3 47. Rxc3
Nxc3 48. Ke3 Kc6 49. Kf3 Kd5 0-1

[Event " "]
[Site "Migné-Auxances"]
[Date "17.??.??"]
[Round "8.6"]
[White "Saada, Julien"]
[Black "Aveline, Philippe"]
[Result "1/2-1/2"]
[WhiteElo "2246"]
[BlackElo "2155"]
[PlyCount "56"]
[EventDate "17.??.??"]
[WhiteTeam "Migné-Auxances"]

1. d4 g6 2. e4 Bg7 3. Nf3 d6 4. Be2 Nf6 5. Nc3 b6 6. O-O O-O 7. h3 Bb7 8. e5
Nd5 9. Nxd5 Bxd5 10. Bf4 dxe5 11. Bxe5 e6 12. Qd2 Nd7 13. Bxg7 Kxg7 14. Qf4 c5
15. Rad1 Qf6 16. Qxf6+ Kxf6 17. c4 Bb7 18. Rd2 Rad8 19. Rfd1 Ke7 20. Ne5 cxd4
21. Nxd7 Rxd7 22. Rxd4 Rfd8 23. Rxd7+ $11 Rxd7 24. Rxd7+ Kxd7 25. f4 a5 26. Kf2
Kd6 27. g4 e5 28. Ke3 h6 1/2-1/2

[Event " "]
[Site "Migné-Auxances"]
[Date "17.??.??"]
[Round "8.7"]
[White "Geffroy, Laurent"]
[Black "Fougerit, Valentin"]
[Result "0-1"]
[WhiteElo "2239"]
[BlackElo "2205"]
[PlyCount "52"]
[EventDate "17.??.??"]
[WhiteTeam "Issy les Moulineaux"]
[BlackTeam "Migné-Auxances"]

1. d4 Nf6 2. c4 e6 3. Nc3 Bb4 4. e3 b6 5. Nge2 Ba6 6. a3 Bxc3+ 7. Nxc3 d5 8. b3
O-O 9. a4 Nc6 10. Ba3 Re8 11. Bd3 e5 12. cxd5 Bxd3 13. dxc6 e4 14. Ne2 Nd5 15.
Qd2 Qg5 16. O-O Re6 17. Rfc1 Rg6 18. Ng3 h5 19. f4 exf3 20. Qxd3 h4 21. e4 Ne3
22. gxf3 hxg3 23. h3 g2 24. Ra2 Nf1 25. Rcc2 Qg3 26. Rxg2 Qh2+ 0-1

[Event " "]
[Site "Migné-Auxances"]
[Date "17.??.??"]
[Round "8.8"]
[White "Boulan, Laura"]
[Black "Baldi, Elise"]
[Result "1-0"]
[WhiteElo "1937"]
[BlackElo "1800"]
[PlyCount "49"]
[EventDate "17.??.??"]
[WhiteTeam "Migné-Auxances"]

1. e4 d6 2. d4 Nf6 3. Nc3 g6 4. Nf3 Bg7 5. Be2 O-O 6. O-O Nbd7 7. e5 dxe5 8.
dxe5 Ng4 9. e6 Nde5 10. exf7+ Nxf7 11. Bc4 Kh8 12. Qxd8 Nxd8 13. Re1 e6 14. Bg5
Nf7 15. Bf4 e5 16. Bg3 Bf5 17. h3 Ngh6 18. Nxe5 Nxe5 19. Rxe5 Bxc2 20. Re2 Bf5
21. Nb5 c6 22. Nd6 b6 23. Rae1 Bf6 24. Ne8 Ng8 25. Bd6 1-0

[Event " "]
[Site "Deauville"]
[Date "18.??.??"]
[Round "9.1"]
[White "Rainfray, Arnaud"]
[Black "Todorov, Todor"]
[Result "1/2-1/2"]
[WhiteElo "2394"]
[BlackElo "2493"]
[PlyCount "101"]
[EventDate "18.??.??"]
[WhiteTeam "Clichy II"]
[BlackTeam "Bois-Colombes"]

1. e4 g6 2. d4 Bg7 3. Nc3 d6 4. Nf3 Nf6 5. Be3 O-O 6. Qd2 Bg4 7. Ng5 Nc6 8. h3
Bd7 9. Nf3 e5 10. dxe5 Nxe5 11. Nxe5 dxe5 12. Bc5 Re8 13. O-O-O Be6 14. Qe3 Nd7
15. Ba3 c6 16. Be2 h5 17. Kb1 Qa5 18. Bd6 b5 19. b3 Qb6 20. Qxb6 axb6 21. g4 h4
22. Nd5 cxd5 23. exd5 Nf6 24. dxe6 Rxe6 25. Bb4 Bf8 $11 26. Bxf8 Kxf8 27. Kb2
b4 28. g5 Ne8 29. Rd7 Ra5 30. Bc4 Re7 31. Rhd1 e4 32. Rxe7 Kxe7 33. Bd5 f5 34.
Rd4 Rc5 35. Bg8 Rc3 36. Bh7 Rxh3 37. Bxg6 Rf3 38. Bxf5 Rxf5 39. Rxe4+ Kd7 40.
Rxh4 Rxg5 41. Rxb4 Kc6 42. Rf4 Nd6 43. a4 Kd5 44. Kc3 Re5 45. Rd4+ Kc5 46. Kd3
Re1 47. Rh4 Rd1+ 48. Kc3 Rf1 49. b4+ Kc6 50. Rf4 Rxf2 51. Rxf2 1/2-1/2

[Event " "]
[Site "Deauville"]
[Date "18.??.??"]
[Round "9.2"]
[White "Vuilleumier, Alexandre"]
[Black "Silva, Sebastain"]
[Result "0-1"]
[WhiteElo "2368"]
[BlackElo "2367"]
[PlyCount "74"]
[EventDate "18.??.??"]
[WhiteTeam "Bois-Colombes"]

1. e4 c5 2. Nf3 Nc6 3. Nc3 g6 4. Bc4 Bg7 5. O-O e6 6. Re1 d6 7. a3 a6 8. b4
cxb4 9. axb4 Nxb4 10. Ba3 Nc6 11. d4 Nge7 12. Ne2 b5 13. Bd3 b4 14. Bb2 O-O 15.
h4 a5 16. h5 e5 17. d5 Nb8 18. c3 bxc3 19. Nxc3 Na6 20. Ba3 Rb8 21. hxg6 hxg6
22. Nb5 Nb4 23. Bxb4 axb4 24. Qb3 f5 25. Na7 Bh6 26. exf5 Kh8 27. fxg6 Rxf3 28.
gxf3 Nxg6 29. f4 Nxf4 30. Be4 Bd7 31. Nc6 Qh4 32. Qg3 Rg8 33. Ra8 Qxg3+ 34.
fxg3 Nh3+ 35. Kg2 Rxa8 36. Nxb4 Bd2 37. Rb1 Ng5 0-1

[Event " "]
[Site "Deauville"]
[Date "18.??.??"]
[Round "9.3"]
[White "Mullon, Jean-Baptiste"]
[Black "Chomet, Pascal"]
[Result "0-1"]
[WhiteElo "2333"]
[BlackElo "2352"]
[PlyCount "62"]
[EventDate "18.??.??"]
[WhiteTeam "Clichy II"]
[BlackTeam "Bois-Colombes"]

1. e4 g6 2. d4 Bg7 3. Nc3 d6 4. g3 Nd7 5. Bg2 c5 6. Nge2 Ngf6 7. O-O O-O 8. d5
Rb8 9. a4 a6 10. a5 b5 11. axb6 Qxb6 12. h3 a5 13. g4 e5 14. Ng3 c4 15. Ra2 Nc5
16. Be3 Qc7 17. Qd2 Bd7 18. Re1 Rb4 19. Bh6 Bxh6 20. Qxh6 Ne8 21. Nd1 Ra4 22.
Rxa4 Nxa4 23. Ne3 f6 24. Bf3 Nxb2 25. g5 fxg5 26. Kg2 Qd8 27. Bg4 Qf6 28. Re2
Bxg4 29. Nxg4 Qf4 30. Re3 Nd1 31. Re2 Ng7 0-1

[Event " "]
[Site "Deauville"]
[Date "18.??.??"]
[Round "9.4"]
[White "Kozakov, Mikhail"]
[Black "Delorme, Axel"]
[Result "1-0"]
[WhiteElo "2415"]
[BlackElo "2254"]
[PlyCount "133"]
[EventDate "18.??.??"]
[WhiteTeam "Bois-Colombes"]

1. e4 e5 2. Nf3 Nc6 3. Bb5 a6 4. Ba4 Nf6 5. O-O Be7 6. Re1 b5 7. Bb3 d6 8. c3
O-O 9. h3 Nb8 10. d4 Nbd7 11. Nbd2 Bb7 12. Bc2 Re8 13. b3 Bf8 14. d5 c6 15. c4
Nc5 16. Nf1 a5 17. Ng3 g6 18. Be3 Nfd7 19. cxb5 cxb5 20. Bd3 Nxd3 21. Qxd3 Ba6
22. Rac1 Nc5 23. Qb1 Rc8 24. Red1 b4 25. Nd2 Nd3 26. Rxc8 Qxc8 27. Nf3 Nc5 28.
Rc1 Qd7 29. Bxc5 dxc5 30. Qb2 Qd6 31. Qd2 a4 32. Qe3 c4 33. bxc4 Rc8 34. Nd2 f6
35. Ngf1 Qc7 36. Qf3 Qb6 37. Qd1 Qc5 38. h4 Rd8 39. h5 Bc8 40. Qf3 Qb6 41. hxg6
hxg6 42. c5 Bxc5 43. Nc4 Qa6 44. Nxe5 fxe5 45. Rxc5 Bd7 46. Qg3 Qd6 47. Rc1 Rc8
48. Rxc8+ Bxc8 49. Ne3 Ba6 50. Ng4 Bc4 51. Nxe5 Bxa2 52. Qg5 Kg7 53. Ng4 a3 54.
Qh6+ Kf7 55. Qh7+ Kf8 56. Qh8+ Ke7 57. Ne3 Qf6 58. Qb8 Qd6 59. Qa7+ Qd7 60.
Qc5+ Qd6 61. Qd4 b3 62. e5 Qa6 63. d6+ Kd7 64. e6+ Kxe6 65. d7 b2 66. d8=Q
b1=Q+ 67. Kh2 1-0

[Event " "]
[Site "Deauville"]
[Date "18.??.??"]
[Round "9.5"]
[White "Keller, Christophe"]
[Black "Bernard, Vincent"]
[Result "1-0"]
[WhiteElo "2228"]
[BlackElo "2215"]
[PlyCount "106"]
[EventDate "18.??.??"]
[WhiteTeam "Clichy II"]
[BlackTeam "Bois-Colombes"]

1. e4 c5 2. Nc3 Nc6 3. f4 g6 4. Nf3 Bg7 5. Bb5 Nd4 6. Bd3 d6 7. Nxd4 cxd4 8.
Ne2 Nf6 9. Nxd4 Nxe4 10. Bxe4 Bxd4 11. c3 Bg7 12. Qf3 Rb8 13. f5 gxf5 14. Bxf5
Bxf5 15. Qxf5 Qd7 16. Qxd7+ Kxd7 17. a4 h5 18. O-O Rbf8 19. d4 e6 20. Be3 Bh6
21. Bxh6 Rxh6 22. Ra3 f5 23. Rb3 Kc7 24. c4 e5 25. Rg3 Rf7 26. Rg5 exd4 27.
Rgxf5 Rxf5 28. Rxf5 Re6 29. Rxh5 Re2 30. Rd5 Rxb2 31. Rxd4 Rb4 32. a5 Ra4 33.
h4 Rxa5 34. g4 Kd7 35. h5 Ke7 36. Kf2 Ra3 37. Rf4 Rh3 38. Kg2 Rh4 39. Rd4 Kf7
40. Kg3 Rh1 41. Kf4 a5 42. Kg5 a4 43. Kh6 Rh4 44. Rf4+ Ke7 45. Kg5 Rh2 46. h6
a3 47. Rf1 a2 48. Kg6 Rh4 49. g5 Rxc4 50. Ra1 d5 51. Rxa2 Rc6+ 52. Kg7 Ke6 53.
h7 Rc8 1-0

[Event " "]
[Site "Deauville"]
[Date "18.??.??"]
[Round "9.6"]
[White "Guichard, Pauline"]
[Black "Daurelle, Herve"]
[Result "0-1"]
[WhiteElo "2294"]
[BlackElo "2221"]
[PlyCount "80"]
[EventDate "18.??.??"]
[WhiteTeam "Bois-Colombes"]

1. d4 Nf6 2. c4 e6 3. Nf3 c5 4. d5 exd5 5. cxd5 d6 6. Nc3 g6 7. h3 Qe7 8. Bg5
Bg7 9. e3 O-O 10. Bd3 b6 11. Qe2 Bb7 12. e4 Nbd7 13. O-O a6 14. a4 Rfe8 15.
Rfe1 Qf8 16. Qc2 Rac8 17. Bc4 h6 18. Bf4 Nh5 19. Bh2 Ne5 20. Nxe5 Bxe5 21. Bxe5
Rxe5 22. Qd3 Rce8 23. Bxa6 Nf4 24. Qf1 Bxa6 25. Qxa6 Rg5 26. g3 Nxh3+ 27. Kg2
Nf4+ 28. Kf1 Nh5 29. Ke2 f5 30. Qd3 fxe4 31. Nxe4 Rxe4+ 32. Qxe4 Re5 33. Qxe5
dxe5 34. Rad1 Qd6 35. Rd2 Nf6 36. Kf1 e4 37. Kg2 h5 38. Rh1 e3 39. fxe3 Ne4 40.
Rc2 Qxg3+ 0-1

[Event " "]
[Site "Deauville"]
[Date "18.??.??"]
[Round "9.7"]
[White "Coste, Thierry"]
[Black "Dumitran, Octavian"]
[Result "0-1"]
[WhiteElo "2219"]
[BlackElo "2269"]
[PlyCount "86"]
[EventDate "18.??.??"]
[WhiteTeam "Clichy II"]
[BlackTeam "Bois-Colombes"]

1. e4 c5 2. Nf3 e6 3. d4 cxd4 4. Nxd4 Nc6 5. Nc3 Qc7 6. Be2 a6 7. O-O Nf6 8.
Be3 b5 9. a3 Bb7 10. f4 Bc5 11. Qd3 b4 12. Na4 Bxd4 13. Bxd4 Nxd4 14. Qxd4 Qxc2
15. Bd3 Qc7 16. axb4 O-O 17. Rac1 Qb8 18. e5 Nd5 19. Nc3 Bc6 20. Nxd5 Bxd5 21.
Bc4 Qxb4 22. Rfd1 Rac8 23. b3 Rc5 24. Qe3 Bxc4 25. Rxc4 Rxc4 26. bxc4 Qxc4 27.
Rxd7 a5 28. g3 h5 29. Qd2 a4 30. Rd8 Qc5+ 31. Kg2 a3 32. Qd6 Qxd6 33. Rxd6 Ra8
34. Rd1 Kh7 35. Ra1 Kg6 36. h3 a2 37. g4 Ra3 38. Kh2 hxg4 39. hxg4 f6 40. exf6
Kxf6 41. Kg2 e5 42. fxe5+ Kxe5 43. Kg1 Kd4 0-1

[Event " "]
[Site "Deauville"]
[Date "18.??.??"]
[Round "9.8"]
[White "Bremond, Eric"]
[Black "Marchadour, Emilie"]
[Result "1-0"]
[WhiteElo "2241"]
[BlackElo "2079"]
[PlyCount "57"]
[EventDate "18.??.??"]
[WhiteTeam "Bois-Colombes"]

1. e4 c5 2. Nf3 e6 3. d4 cxd4 4. Nxd4 Nc6 5. Nxc6 bxc6 6. Bd3 Ne7 7. O-O g6 8.
c4 Bg7 9. Qc2 O-O 10. Nc3 f5 11. exf5 Nxf5 12. c5 Qa5 13. Ne4 Rb8 14. Bd2 Qc7
15. Bc3 Nd4 16. Qa4 Nb5 17. Bxg7 Kxg7 18. Rad1 Qe5 19. Rd2 Rf4 20. g3 Rxe4 21.
Qxe4 Qxc5 22. Bxb5 Rxb5 23. Rfd1 Qe5 24. Qh4 g5 25. Rxd7+ Bxd7 26. Rxd7+ Kf8
27. Qh6+ Ke8 28. Qxh7 Qf6 29. Rxa7 1-0

[Event " "]
[Site "Deauville"]
[Date "18.??.??"]
[Round "9.1"]
[White "Rowson, Jonathan"]
[Black "Colin, Vincent"]
[Result "1-0"]
[WhiteElo "2592"]
[BlackElo "2428"]
[PlyCount "111"]
[EventDate "18.??.??"]
[WhiteTeam "Noyon"]
[BlackTeam "Deauville"]

1. d4 Nf6 2. c4 e6 3. Nc3 Bb4 4. Qc2 Nc6 5. Nf3 d6 6. Bd2 O-O 7. a3 Bxc3 8.
Bxc3 Qe7 9. g3 a5 10. Bg2 e5 11. O-O exd4 12. Nxd4 Ne5 13. Nf5 Qe6 14. f4 Nxc4
15. e4 d5 16. b3 Nb6 17. Rae1 Nxe4 18. g4 f6 19. Bxe4 dxe4 20. Rxe4 Qf7 21.
Ne7+ Kh8 22. f5 Bd7 23. g5 Qh5 24. Qg2 Rae8 25. Qg3 Bc6 26. Rh4 Qxg5 27. Qxg5
fxg5 28. f6 Rxf6 29. Rxf6 Nd5 30. Nxd5 gxh4 31. Ne7 Bd5 32. Rf5 Bxb3 33. Re5
Bf7 34. Bxa5 Ra8 35. Bb4 b6 36. Re3 Re8 37. Be1 h3 38. Kf2 h6 39. Kg3 Kh7 40.
Kxh3 c5 41. Bg3 b5 42. Bd6 b4 43. axb4 cxb4 44. Bxb4 Rb8 45. Bc3 Rb5 46. Rg3 g5
47. Re3 Rb6 48. Rd3 Rb3 49. Kg3 Ra3 50. Nc6 Rb3 51. Nd4 Ra3 52. Re3 Bc4 53. Kg4
Kg6 54. Nc6 h5+ 55. Kg3 Kh6 56. Bg7+ 1-0

[Event " "]
[Site "Deauville"]
[Date "18.??.??"]
[Round "9.2"]
[White "Tirard, Hugo"]
[Black "Magem Badals, Jordi"]
[Result "1/2-1/2"]
[WhiteElo "2466"]
[BlackElo "2487"]
[PlyCount "138"]
[EventDate "18.??.??"]
[WhiteTeam "Deauville"]

1. e4 e5 2. Nf3 Nc6 3. Bb5 a6 4. Ba4 d6 5. c3 Bd7 6. O-O g6 7. d4 Bg7 8. d5
Nce7 9. c4 b5 10. Bc2 bxc4 11. Na3 h6 12. Nxc4 f5 13. exf5 gxf5 14. Nh4 Nf6 15.
Ne3 Qc8 16. f4 e4 17. Bd2 O-O 18. Bc3 Qb7 19. Bb3 Kh7 20. Kh1 Rg8 21. Rc1 Raf8
22. Rf2 Ne8 23. Rfc2 Qa7 24. Bxg7 Rxg7 25. Qe2 Ng6 26. Nxg6 Rxg6 27. Rc3 Rf7
28. Bc4 a5 29. Bb5 Bxb5 30. Qxb5 Nf6 31. g3 h5 32. Nxf5 Ng4 33. Qe2 Qf2 34.
Qxf2 Nxf2+ 35. Kg2 Rxf5 36. Kxf2 Rxd5 37. Rxc7+ Kh6 38. Ke3 Re6 39. R7c4 Rd3+
40. Ke2 d5 41. Rc6 Rxc6 42. Rxc6+ Kg7 43. Rc3 Rd4 44. h3 Rb4 45. b3 a4 46. g4
axb3 47. Rxb3 Ra4 48. a3 d4 49. g5 Rc4 50. Rb7+ Kf8 51. Rb4 Rc2+ 52. Ke1 Rc1+
53. Kd2 Rf1 54. Rxd4 Rxf4 55. a4 Rh4 56. a5 e3+ 57. Kxe3 Rxh3+ 58. Kf4 Ra3 59.
Rd8+ Kf7 60. Ra8 Ra1 61. Ra7+ Kg6 62. Ra6+ Kg7 63. g6 Kh6 64. Kf5 Rf1+ 65. Ke5
h4 66. Rb6 h3 67. Rb3 h2 68. Rh3+ Kxg6 69. Rxh2 Rf5+ 1/2-1/2

[Event " "]
[Site "Deauville"]
[Date "18.??.??"]
[Round "9.3"]
[White "Aguettaz, Maxime"]
[Black "Houska, Jovanka"]
[Result "1-0"]
[WhiteElo "2345"]
[BlackElo "2384"]
[PlyCount "75"]
[EventDate "18.??.??"]
[WhiteTeam "Noyon"]
[BlackTeam "Deauville"]

1. Nf3 d5 2. g3 c6 3. Bg2 Nf6 4. O-O Bf5 5. b3 e6 6. Bb2 h6 7. c4 Nbd7 8. d3
Be7 9. Nbd2 O-O 10. Rc1 Bh7 11. Rc2 a5 12. a3 Qb6 13. Qa1 Rfd8 14. Ne5 Nxe5 15.
Bxe5 Ne8 16. Rfc1 Bc5 17. d4 Bf8 18. Ra2 f6 19. Bf4 Kh8 20. c5 Qa7 21. Qc3 Rdc8
22. Bh3 Bg8 23. b4 axb4 24. Qxb4 b5 25. cxb6 Bxb4 26. bxa7 Rxa7 27. a4 g5 28.
Be3 Nd6 29. f3 Kg7 30. Rb1 Ba5 31. Kf2 Kf7 32. Nb3 Rb7 33. Bxe6+ Kxe6 34. Nc5+
Ke7 35. Nxb7 Rb8 36. Rab2 Bc3 37. Rb3 Bh7 38. Nxd6 1-0

[Event " "]
[Site "Deauville"]
[Date "18.??.??"]
[Round "9.4"]
[White "Coursaget, Nicolas"]
[Black "Nguyen, Chi-Minh"]
[Result "1/2-1/2"]
[WhiteElo "2316"]
[BlackElo "2383"]
[PlyCount "126"]
[EventDate "18.??.??"]
[WhiteTeam "Deauville"]

1. d4 Nf6 2. c4 e6 3. Nc3 Bb4 4. Nf3 b6 5. Qc2 Bb7 6. Bd2 O-O 7. a3 Bxc3 8.
Bxc3 Ne4 9. g3 Nxc3 10. Qxc3 c5 11. dxc5 bxc5 12. Bg2 Nc6 13. O-O Qa5 14. Qd3
Qc7 15. Rfd1 Rfd8 16. Rac1 Rac8 17. Qe3 d6 18. b4 cxb4 19. axb4 Nxb4 20. Qxa7
Na6 21. Nd4 Qc5 22. Nb5 Bxg2 23. Qxc5 Nxc5 24. Kxg2 Rb8 25. Ra1 h5 26. Ra7 Nb7
27. e4 Rdc8 28. e5 d5 29. Rxb7 Rxb7 30. Nd6 Rcb8 31. Nxb7 Rxb7 32. cxd5 exd5
33. Rxd5 g6 34. Rd8+ Kg7 35. Re8 Rb2 36. Kf3 g5 37. h3 Kg6 38. Rg8+ Kh6 39. h4
g4+ 40. Kg2 Re2 41. Rg5 Re1 42. Kh2 Rf1 43. Rf5 Kg6 44. Rg5+ Kh6 45. Kg2 Re1
46. f4 gxf3+ 47. Kf2 Re4 48. Kxf3 Ra4 49. Rf5 Kg6 50. Rf6+ Kg7 51. Rd6 Rb4 52.
Rf6 Ra4 53. Rf5 Kg6 54. Rg5+ Kh6 55. g4 hxg4+ 56. Rxg4 Ra6 57. Rd4 Kg7 58. Rd7
Rb6 59. Kg4 Rg6+ 60. Kf3 Rh6 61. Rd4 Re6 62. Rg4+ Kh8 63. Rg5 f6 1/2-1/2